| 000 | 00628nam a2200181Ia 4500 | ||
|---|---|---|---|
| 003 | GCL | ||
| 008 | 140319s9999 xx 000 0 ara d | ||
| 040 |
_aGCL / _cGCL |
||
| 082 | 0 | 4 |
_a811.0091 _bم ش |
| 100 | 1 | _aمحمد بنيس | |
| 245 | 1 | 0 |
_aالشعر العربى الحديث: بنياتة وابدالاتها : _bمسالة الحداثة / _cمحمد بنيس |
| 260 |
_aالمغرب : _bدار توبقال للنشر ، _c1989 |
||
| 300 | _a269 ص | ||
| 490 |
_aسلسلة المعرفة الادبية _v0 |
||
| 650 | 0 | 4 | _aالشعر العربى الحديث |
| 650 | 0 | 4 | _aتاريخ ونقد |
| 942 |
_2ddc _cBK |
||
| 999 |
_c55581 _d55581 |
||